Welcome to CU Library Online Public Access Catalogue (OPAC)

Doctoral education in nursing : (Record no. 7898)

MARC details
000 -LEADER
fixed length control field 00714nam a2200217 a 4500
001 - CONTROL NUMBER
control field 4824948
005 - DATE AND TIME OF LATEST TRANSACTION
control field 20251029161712.0
008 - FIXED-LENGTH DATA ELEMENTS--GENERAL INFORMATION
fixed length control field 890718s1989 nyu b 000 0 eng
020 ## - INTERNATIONAL STANDARD BOOK NUMBER
International Standard Book Number 0887374204
020 ## - INTERNATIONAL STANDARD BOOK NUMBER
International Standard Book Number 9780887374203
050 00 - LIBRARY OF CONGRESS CALL NUMBER
Classification number RT75
Item number .D58 1989
082 00 - DEWEY DECIMAL CLASSIFICATION NUMBER
Classification number 610.73/071/173
Edition information 20
245 00 - TITLE STATEMENT
Title Doctoral education in nursing :
Remainder of title history, process, and outcome /
Statement of responsibility, etc. Sylvia E. Hart, editor.
260 ## - PUBLICATION, DISTRIBUTION, ETC.
Place of publication, distribution, etc. New York :
Name of publisher, distributor, etc. National League for Nursing,
Date of publication, distribution, etc. c1989.
300 ## - PHYSICAL DESCRIPTION
Extent vii, 106 p. ;
Dimensions 23 cm.
500 ## - GENERAL NOTE
General note "Pub. no. 15-2238."
650 #0 - SUBJECT ADDED ENTRY--TOPICAL TERM
Topical term or geographic name entry element Nursing
General subdivision Study and teaching (Graduate)
Geographic subdivision United States.
650 #0 - SUBJECT ADDED ENTRY--TOPICAL TERM
Topical term or geographic name entry element Doctor of philosophy degree
Geographic subdivision United States.
700 1# - ADDED ENTRY--PERSONAL NAME
Personal name Hart, Sylvia E.
942 ## - ADDED ENTRY ELEMENTS (KOHA)
Source of classification or shelving scheme Library of Congress Classification
Koha item type Books
Suppress in OPAC No
999 ## -
-- 7898
-- 7898
Holdings
Withdrawn status Lost status Source of classification or shelving scheme Damaged status Not for loan Collection Home library Current library Shelving location Date acquired Total checkouts Full call number Barcode Date last seen Copy number Price effective from Koha item type
    Library of Congress Classification     Non-fiction Science Library (Miotso) Science Library (Miotso) General stacks 10/29/2025   RT75 .D58 DOC SLM00004924 10/29/2025 1 10/29/2025 Books
© 2023-2024 Copyright: Central University Libraries. All Rights Reserved | Created by: Mahone Tech Office